00561nam a22002297a 4500003000500000005001700005008004100022010001000063011001000073035001000083040000900093082001700102100001400119245005500133260002800188300001800216490002500234500002400259650001200283650001100295830002500306CHAP20220329135631.0971013s r 00010 d a39660 a40632 a44758 cCHAP a633.895bM6600aMoore, A. aRubber-growing, elementary principles and practice a(s.l. :bs.e.),c(s.a.) a82 p.b: ilus aPlanting manualv; 7 aCopia fotográfica14aCaucho.14aHevea.0 aPlanting manualv; 7